[Event "20th Prague Open 2022"]
[Site "Prague"]
[Date "2022.01.08"]
[Round "3.10"]
[White "Panjer, Sydney"]
[Black "Van Osch, Mees"]
[Result "0-1"]
[WhiteElo "1469"]
[BlackElo "2364"]
[Annotator "TA"]
[PlyCount "78"]
[EventDate "2022.01.07"]
[EventType "swiss"]
[EventCountry "CZE"]
[SourceTitle "playchess.com"]
[Source "ChessBase"]
[SourceQuality "1"]

{[%evp 14,78,22,28,44,12,35,39,52,45,54,54,87,1,9,1,7,-11,-10,-14,0,0,0,-33,-12,-45,-41,-40,-47,-41,8,-33,0,-122,0,0,0,0,0,0,0,-108,-64,-58,0,0,0,-225,-223,-195,-172,-235,-203,-248,-227,-386,-363,-402,-402,-395,-368,-342,0,-332,0,-311,-285]} 1. Nf3 Nf6 2. c4 b6 3. g3 Bb7 4. Bg2 g6 5. b3 Bg7 6. Bb2 O-O 7. O-O d6 8. d4 Nbd7 {[%cal Bb8d7,Bd7f6,Bf6g4][%mdl 32] A15: English Opening: 1...Nf6.} 9. Nc3 e5 10. d5 Qe7 {White is slightly better.} 11. e4 {[#]} Ng4 $146 ({Predecessor:} 11... Nc5 12. Qc2 a5 13. a3 c6 14. b4 Ncd7 15. dxc6 Bxc6 16. Rfd1 axb4 17. axb4 Rxa1 18. Bxa1 {1-0 (34) Zgadzaj,R (2194)-Siwiec,B (2234) Polanica Zdroj 2004}) 12. Bh3 Ndf6 13. Bxg4 (13. Ne1 $16 Nh6 14. Nd3) 13... Nxg4 $11 14. Ne1 f5 15. Nd3 Bc8 16. Qe2 Bd7 17. f3 Nf6 {[%cal Ob6b5]} 18. b4 Bh6 19. Bc1 Bxc1 20. Raxc1 a5 21. a3 h5 (21... axb4 $15 22. axb4 fxe4 23. Nxe4 Nxe4 24. fxe4 Rxf1+ 25. Rxf1 h5) 22. Qe3 (22. exf5 $11 Bxf5 23. b5) 22... Kg7 {[%cal Oh5h4]} 23. Qg5 {[#]} (23. exf5 $1 $11 Bxf5 24. Ra1) 23... Qf7 (23... Nxd5 $1 $17 {[%mdl 512]} 24. Qxe7+ Nxe7) 24. exf5 Bxf5 25. Nf2 axb4 26. axb4 Ra3 27. Nfe4 (27. Qd2 $11) 27... Bh3 (27... Bxe4 $17 28. fxe4 Qd7) 28. Nxf6 $15 Bxf1 ({Black should play} 28... Qxf6 $15 29. Qxf6+ Rxf6) 29. Nce4 $11 {[#] Strongly threatening Nxh5+. Pair of Knights!} Rxf3 (29... Bd3 $2 30. Nxh5+ Kh8 31. Qh6+ Kg8 32. Nhf6+ Qxf6 33. Nxf6+ Rxf6 34. Qe3 $18) 30. Rxf1 (30. Nxh5+ $1 $11 {and White has nothing to worry.} Kh8 31. Nf4 exf4 32. Qh6+ Kg8 33. Ng5) 30... Rxf1+ $19 31. Kxf1 {And now Ke2 would win.} Qe7 {[%cal Rf8f6]} 32. Ke2 (32. h4 $142) 32... Rxf6 33. Nxf6 Qxf6 {[%mdl 4096] Endgame KQ-KQ} 34. Qd2 (34. h4 {keeps fighting.}) 34... Qf5 35. Qa2 Qe4+ 36. Kf2 Qd4+ 37. Kg2 Qe4+ 38. Kf2 Qd4+ 39. Kg2 e4 {Weighted Error Value: White=0.37/Black=0.48} 0-1

[Event "20th Prague Open 2022"]
[Site "Prague"]
[Date "2022.01.08"]
[Round "3.12"]
[White "Czerw, Dawid"]
[Black "Winter, Ondrej"]
[Result "1-0"]
[WhiteElo "2396"]
[BlackElo "2153"]
[Annotator "TA"]
[PlyCount "85"]
[EventDate "2022.01.07"]
[EventType "swiss"]
[EventCountry "CZE"]
[SourceTitle "playchess.com"]
[Source "ChessBase"]
[SourceQuality "1"]

{[%evp 14,85,30,-4,-2,0,0,-8,-12,-14,0,-21,0,-13,0,2,8,0,5,0,18,17,73,67,69,41,59,10,8,-22,72,65,62,0,0,0,0,0,0,0,168,147,153,164,189,195,189,191,429,436,431,410,321,240,477,457,475,459,474,415,630,536,491,487,995,991,1506,1394,1340,1205,1364,1278,958,806]} 1. d4 d5 2. c4 dxc4 3. Nf3 Nf6 4. e3 e6 5. Bxc4 a6 6. O-O b5 7. Be2 Bb7 8. Nc3 Nbd7 {D26: Queen's Gambit Accepted: 4 e3 e6 5 Bxc5 c5 sidelines.} 9. b3 $1 {9.b3 scores better than 9.a3.} c5 10. Bb2 Be7 {The position is equal.} 11. Rc1 O-O 12. a4 b4 13. Nb1 Ne4 14. Nbd2 Nxd2 15. Nxd2 {[#]} cxd4 $146 ({Predecessor:} 15... Bf6 16. Bf3 Bxf3 17. Nxf3 Qe7 18. e4 Rfd8 19. Qe2 cxd4 20. Nxd4 Bxd4 21. Bxd4 e5 {½-½ (29) Hernandez,C (2373)-Plazuelo Pascual,J (2462) Barcelona 2021}) 16. Bxd4 Bf6 17. Nc4 Bxd4 (17... a5 $11) 18. Qxd4 $16 Qg5 {[%csl Gb7][%cal Rg5g2]} 19. f3 Rfd8 20. e4 (20. h4 $14 Qh6 21. Rfd1) 20... Nc5 $11 21. Qb2 Nd3 (21... a5 $11 {keeps the balance.}) 22. Bxd3 $16 Rxd3 23. Rcd1 (23. Qf2 $14) 23... Rad8 $11 24. Rxd3 Rxd3 25. Qf2 Qd8 26. Qc5 Qd4+ $2 {White now steadily converts the win.} (26... h6 $11 {and Black stays safe.}) 27. Qxd4 $18 Rxd4 {[%mdl 4096] Endgame KRB-KRN} 28. Rc1 {And now Na5 would win.} Bc6 {[#]} 29. Kf2 $1 f6 30. Ke3 e5 {[#]} (30... Rd8 31. Nd2 Be8) 31. Nxe5 $1 {[%mdl 512]} fxe5 32. Rxc6 {KR-KR} Rd1 33. Rc4 Rb1 $2 (33... a5 {was called for.} 34. Rc5 Rb1 35. Rxe5 (35. Rxa5 Rxb3+ 36. Kd2 Ra3 $18) 35... Rxb3+ 36. Kf4 Rb2) 34. Rxb4 Rb2 35. Rb6 Rxg2 36. Rxa6 Rxh2 (36... Rb2 $142 37. Rb6 Rxh2) 37. b4 {[%cal Bb3b4,Bb4b5,Bb5b6][%mdl 32] White is clearly winning.} Rb2 38. b5 Kf7 (38... h5 $142 39. Ra8+ Kh7) 39. b6 h5 40. a5 h4 41. Ra8 {Black must now prevent Rh8.} h3 42. Rh8 {Threatens to win with a6.} h2 {[#]} 43. Rxh2 $3 {[%mdl 512] Weighted Error Value: White=0.18 (very precise) /Black=0.50} 1-0

[Event "20th Prague Open 2022"]
[Site "Prague"]
[Date "2022.01.08"]
[Round "3.13"]
[White "Hrabusa, Matej"]
[Black "Ronce, Nathan"]
[Result "1-0"]
[WhiteElo "2369"]
[BlackElo "2171"]
[Annotator "TA"]
[PlyCount "71"]
[EventDate "2022.01.07"]
[EventType "swiss"]
[EventCountry "CZE"]
[SourceTitle "playchess.com"]
[Source "ChessBase"]
[SourceQuality "1"]

{[%evp 14,71,0,-8,0,0,26,19,33,0,21,0,0,0,20,24,26,22,77,87,127,127,193,171,189,197,190,196,181,186,194,186,238,231,236,169,153,165,152,135,378,384,472,142,369,343,4910,4790,29978,29979,29975,12237,6087,6087,6083,2085,2019,2019,2002,1914]} 1. d4 Nf6 2. Nf3 d5 3. Bf4 e6 4. e3 Bd6 5. c3 c5 6. Nbd2 Qc7 7. Ne5 Nc6 8. Ndf3 O-O {D02: 1 d4 d5 2 Nf3 sidelines, including 2...Nf6 3 g3 and 2...Nf6 3 Bf4.} 9. Bd3 Ne4 10. O-O {The modern move.} b6 {[#] The position is equal.} 11. c4 $146 ({Predecessor:} 11. Nxc6 Qxc6 12. Bxd6 Qxd6 13. Ne5 Bb7 14. f3 Nf6 15. a4 a6 16. Qb1 g6 17. b4 cxd4 18. cxd4 {0-1 (54) Romero Pallares,D (2203)-Quintin Navarro,A (2398) Zaragoza 2021}) 11... Bb7 12. cxd5 (12. Rc1 {is more complex.} Rad8 13. cxd5 exd5 14. Nxc6 Qxc6 15. Bxd6 Qxd6 16. Qa4) 12... exd5 13. Rc1 {[%cal Od4c5]} Rad8 14. Nxc6 Bxc6 15. Bxd6 Rxd6 (15... Qxd6 $11 16. Qc2 Rfe8) 16. Ne5 $16 {[%cal Ob2b4]} Bb7 17. b4 $1 f6 {[#]} (17... c4 $16 {was called for.}) 18. bxc5 $1 bxc5 {[#]} (18... Rdd8 19. c6) 19. dxc5 $1 Nxc5 {[#]} 20. Qh5 {[%csl Gd3][%cal Rh5h7]} f5 21. Bxf5 {[%csl Gf5][%cal Rh5h7]} Rh6 22. Qg5 Kh8 (22... Qb6 {was worth a try.} 23. Bb1 Qd6) 23. f4 $40 {[%cal Oe5d7][%mdl 128] aiming for Nd7! White wants a kill.} Qd6 {Prevents Nd7.} 24. Ng4 {Prevents Rhf6.} Ne6 25. Bxe6 {White is more active.} Rxe6 26. f5 Re4 (26... Re7 $16) 27. f6 {[%csl Gf6][%cal Rg5g7]} g6 28. f7 $2 ({Not} 28. Qh6 Rf7 $18) (28. h4 $18) 28... Re6 $2 {This move loses the game for Black.} (28... Qe7 $16 {might work better.} 29. Qh6 Rxg4) 29. Qh6 {[%cal Og4f6] Hoping for Nf6!} d4 $2 {[#]} (29... g5 30. Qxg5 h6) 30. Nf6 $1 {[%csl Gf6][%cal Rh6h7,Bg4f6,Bf6h7,Bh7g5][%mdl 544]} Rxf7 {[#]} (30... Rxf6 31. Rxf6) 31. Nxh7 $1 {[%mdl 512]} Kg8 32. Rxf7 Kxf7 {White is clearly winning.} 33. Ng5+ Ke8 34. Qh8+ (34. Nxe6 $142 Qxe6 35. Rc7 Qxe3+ 36. Qxe3+ dxe3 37. Rxb7) 34... Kd7 35. Nxe6 Qxe6 36. Qxd4+ {Weighted Error Value: White=0.24 (precise) /Black=0.68} 1-0

[Event "20th Prague Open 2022"]
[Site "Prague"]
[Date "2022.01.08"]
[Round "3.14"]
[White "Sorm, Daniel"]
[Black "Goossens, Hanne"]
[Result "1-0"]
[WhiteElo "2348"]
[BlackElo "2133"]
[Annotator "TA"]
[PlyCount "57"]
[EventDate "2022.01.07"]
[EventType "swiss"]
[EventCountry "CZE"]
[SourceTitle "playchess.com"]
[Source "ChessBase"]
[SourceQuality "1"]

{[%evp 15,57,3,6,-23,-10,-36,-24,0,-26,-28,-16,-35,-41,-47,-41,-32,0,0,0,0,0,-7,1,-16,-7,0,483,467,1104,1161,1150,1132,935,912,2100,2031,1672,1617,29992,29993,29993,29993,29996,29995]} 1. d4 Nf6 2. c4 g6 3. Nc3 d5 4. cxd5 Nxd5 5. e4 Nxc3 6. bxc3 Bg7 7. Nf3 c5 8. Bb5+ Nc6 {[%cal Rc5d4]} 9. Rb1 {D85: Exchange Grünfeld: Unusual White 7th moves and lines with 7 Nf3.} O-O {[%cal Rc5d4]} 10. d5 Bxc3+ 11. Bd2 {Black has an edge.} Bxd2+ 12. Qxd2 Na5 13. h4 {[#] Threatens to win with h5.} f6 $1 14. h5 {hxg6 would kill now.} g5 {[%cal Bg6g5,Bg5g4][%mdl 32]} 15. h6 {[%cal Of3g5] [#]} Kh8 $146 ({Predecessor:} 15... Rf7 16. Nxg5 fxg5 17. Rh5 Qb6 18. Rxg5+ Kh8 19. Bd3 Qf6 20. Rf5 Bxf5 {0-1 (20) Skrondal,I (2190)-Fluegel,S (1600) Oslo 2009}) 16. Qc3 $36 {[%csl LRc5,LRg5][%mdl 2048] White fights for an advantage.} g4 17. Nh4 b6 18. O-O {[%cal Bh1f1,Bf1f3,Bf3d3,Bd3e3,Be3e5,Be5f5][%mdl 32]} Qd6 19. f4 gxf3 20. Rxf3 {[%cal Oe4e5] e5! is the strong threat.} Rg8 $2 {[%mdl 8192]} (20... Bg4 $1 $11 {and Black stays safe.} 21. Re3 e5) 21. Rbf1 $18 {[%cal Rf3f6]} Rf8 (21... Qe5 $142 22. Qxe5 fxe5) 22. e5 {[%cal Be4e5,Be5f6][%mdl 32]} Qxd5 23. exf6 e5 24. Rd3 Qe6 25. Re3 Qd6 26. Rxe5 {[#] Intending Re4 and mate.} Bb7 {Inhibits Re4.} 27. Nf5 {White mates.} Qxf6 28. Ne7 Qxh6 29. Ref5+ {Weighted Error Value: White=0.05 (flawless) /Black=0.65} 1-0

[Event "20th Prague Open 2022"]
[Site "Prague"]
[Date "2022.01.08"]
[Round "3.15"]
[White "Janous, Marek"]
[Black "Mikes, Jan"]
[Result "0-1"]
[WhiteElo "2078"]
[BlackElo "2329"]
[Annotator "TA"]
[PlyCount "64"]
[EventDate "2022.01.07"]
[EventType "swiss"]
[EventCountry "CZE"]
[SourceTitle "playchess.com"]
[Source "ChessBase"]
[SourceQuality "1"]

{[%evp 11,64,1,27,24,44,43,48,25,23,17,19,8,56,0,12,0,0,-13,-31,-57,-63,-57,-53,-71,-52,-87,-87,-66,-77,-61,-58,-103,-96,-170,-143,-127,-123,-241,-224,-227,-211,-373,-381,-367,-344,-485,-478,-433,-379,-514,-497,-940,-965,-708,-670]} 1. e4 c6 2. d4 d5 3. exd5 cxd5 4. c4 Nf6 5. Nc3 Nc6 6. Nf3 Be6 7. c5 {B13: Caro-Kann: Exchange Variation and Panov-Botvinnik Attack.} a6 8. h3 g6 9. Be2 {White is slightly better.} Bg7 10. O-O O-O 11. Bf4 h6 {[#]} (11... Ne4 $11 {deserves consideration.}) 12. a3 $146 (12. Qb3 $14) ({Predecessor:} 12. b4 g5 13. Bh2 Ne4 14. Na4 Nxb4 15. Rb1 Qa5 16. a3 Nc6 17. Rxb7 Nc3 18. Nxc3 Qxc3 {½-½ (48) Zojer,S (2003)-Ganaus,H (2315) Austria 2011}) 12... g5 13. Bh2 Ne4 14. Na4 f5 {[%cal Bf7f5,Bf5f4][%mdl 32]} 15. Ne5 f4 $1 {[%cal Oc6d4]} 16. Nxc6 bxc6 17. Nb6 Ra7 {Black is more active.} 18. Qa4 {[%csl LRa6,LRc6] [#]} Qe8 $1 19. Rfe1 Bf5 20. Rad1 Qg6 21. Qb3 (21. Bg4 $1 $15 Bxg4 22. hxg4) 21... h5 $17 22. Bf1 {[#]} (22. f3 $17 {is a better defense.} Ng3 23. Bxg3 fxg3 24. Qc3) 22... Nxf2 $1 {[%mdl 512]} 23. Kxf2 Bc2 24. Qc3 (24. Bd3 $17 Bxd4+ 25. Kf1 Bxb3 26. Bxg6 Bxd1 27. Rxd1 Bxb2 28. Bxh5) 24... Bxd1 $19 25. Rxd1 g4 26. Be2 $2 (26. Kg1 g3 27. Qf3) 26... e5 ({Not} 26... g3+ $2 27. Kg1 $19) 27. dxe5 Re7 {Chess con chili.} 28. Qd3 (28. Kg1 $142 Bxe5 29. Qd3 Qxd3 30. Rxd3 Bxb2 31. Kf1) 28... g3+ 29. Kg1 gxh2+ 30. Kxh2 Qg3+ {Black is clearly winning.} 31. Qxg3 (31. Kg1 $142 Bxe5 32. Qf3) 31... fxg3+ 32. Kg1 Bxe5 {Weighted Error Value: White=0.50/Black=0.08 (flawless)} 0-1

[Event "20th Prague Open 2022"]
[Site "Prague"]
[Date "2022.01.08"]
[Round "3.16"]
[White "Kulhanek, Tomas"]
[Black "Pham, Khoi"]
[Result "1/2-1/2"]
[WhiteElo "2323"]
[BlackElo "2114"]
[Annotator "TA"]
[PlyCount "39"]
[EventDate "2022.01.07"]
[EventType "swiss"]
[EventCountry "CZE"]
[SourceTitle "playchess.com"]
[Source "ChessBase"]
[SourceQuality "1"]

{[%evp 15,39,3,11,-2,2,8,8,-23,-20,-16,0,0,27,6,5,0,0,-1,-13,-2,0,-7,0,-2,0,0]} 1. e4 c5 2. Nf3 Nc6 3. c3 Nf6 4. e5 Nd5 5. d4 cxd4 6. cxd4 d6 7. Bc4 Nb6 8. Bb5 Bd7 9. exd6 {B22: Sicilian: 2 c3.} e6 10. Bg5 f6 {10...Qb8 is not played anymore.} 11. Be3 Bxd6 12. Nc3 {[#]} O-O $146 ({Predecessor:} 12... Nb4 13. Be2 N4d5 14. O-O O-O 15. Bd3 Rc8 16. Rc1 Be8 17. Nxd5 Nxd5 18. Rxc8 Qxc8 {0-1 (26) Potkin,V (2597)-Nepomniachtchi,I (2763) Moscow 2018}) 13. d5 {[#] Strongly threatening Bxb6.} Nb4 14. Bxd7 (14. Bxb6 $5 axb6 15. dxe6 Bxe6 16. O-O $11) 14... Qxd7 {The position is equal.} 15. dxe6 Qxe6 {[%cal Oe6c4] With the idea ...Qc4!} 16. O-O Nc4 {[%csl LRb2,LRe3]} 17. Qb3 {[#] Threatens to win with Nb5.} Rfe8 18. Bd4 Nc6 19. Nb5 a6 20. Nxd6 {An interesting draw.  Weighted Error Value: White=0.07 (flawless) /Black=0.06 (flawless)} 1/2-1/2

[Event "20th Prague Open 2022"]
[Site "Prague"]
[Date "2022.01.08"]
[Round "3.17"]
[White "Adamko, Peter"]
[Black "Mannion, Stephen R"]
[Result "0-1"]
[WhiteElo "2113"]
[BlackElo "2267"]
[Annotator "TA"]
[PlyCount "84"]
[EventDate "2022.01.07"]
[EventType "swiss"]
[EventCountry "CZE"]
[SourceTitle "playchess.com"]
[Source "ChessBase"]
[SourceQuality "1"]

{[%evp 27,84,1,41,9,17,25,18,-28,-29,-19,-20,-27,-8,-29,-25,-18,-31,-32,-27,-24,-23,-87,8,12,27,17,18,18,21,0,0,-75,-62,-220,-210,-252,-167,-195,-174,-310,-294,-315,-309,-407,-388,-440,-443,-385,-349,-519,-510,-498,-492,-751,-726,-718,-693,-29988,-29989]} 1. e4 e5 2. Nf3 Nc6 3. Bb5 a6 4. Ba4 Nf6 5. O-O Be7 6. Re1 b5 7. Bb3 d6 8. c3 O-O 9. d3 Na5 10. Bc2 c5 11. Nbd2 Re8 12. Nf1 h6 13. Ng3 Bf8 14. h3 {14.d4 deserves study.} g6 15. d4 {C90: Closed Ruy Lopez with 7...d6: Early deviations.} exd4 16. cxd4 Bb7 17. Bd2 (17. d5 $142) 17... cxd4 $11 18. Nxd4 {[#]} Nc4 $146 ({Predecessor:} 18... Qb6 19. Nf3 Nc4 20. Bc3 Ne5 21. a3 Rac8 22. Rc1 Bg7 23. Nxe5 dxe5 24. Bb3 Bf8 {1-0 (42) Newrkla,K (1979)-Novkovic,J (2144) Tweng 2007}) 19. Bc3 Rc8 20. a4 b4 21. Bxb4 Nxb2 22. Qb1 Nc4 23. Qb3 Qb6 24. a5 Qa7 (24... Qxd4 $17 25. Bc3 Nxa5 $1 26. Bxd4 Nxb3 27. Bxb3 Nxe4 28. Nxe4 Rxe4 29. Rxe4 Bxe4 30. Rxa6 Rb8) 25. Nf3 Nd7 26. Rad1 Nde5 27. Nxe5 Rxe5 28. Bd3 Nxa5 29. Bxa5 (29. Qa4 $11 {keeps the balance.} Nc6 30. Bd2) 29... Rxa5 $17 30. e5 $2 {[#] Now White is beyond hope.} ({White should try} 30. Nf1 $1 $15) 30... Bd5 $1 $19 31. Qb1 Rb8 $40 {[%mdl 128] White is in trouble.} ({Not} 31... Ra2 32. Be2 Rb8 33. Qd3 $17) 32. Qc1 dxe5 ({Inferior is} 32... Ra2 33. Be2 Bb3 34. exd6) 33. Be4 (33. Rxe5 {keeps fighting.} Bd6 34. Qe3) 33... Be6 34. Re2 Rc8 35. Qb1 Rb5 36. Rb2 Rxb2 37. Qxb2 Bc5 38. Qxe5 (38. h4 $142) 38... Bxf2+ {This bishop pair is nice.} 39. Kh2 Qe3 {White must now prevent ...Bxg3+.} 40. Nf1 (40. Nh1 $142 Bh4 41. Qd4) 40... Qe2 41. Rb1 Bf5 42. Rb8 Qxf1 {Weighted Error Value: White=0.67/Black=0.12 (very precise)} 0-1

[Event "20th Prague Open 2022"]
[Site "Prague"]
[Date "2022.01.08"]
[Round "3.18"]
[White "Ondrus, Martin"]
[Black "Zysko, Jan"]
[Result "1-0"]
[WhiteElo "2267"]
[BlackElo "2092"]
[Annotator "TA"]
[PlyCount "71"]
[EventDate "2022.01.07"]
[EventType "swiss"]
[EventCountry "CZE"]
[SourceTitle "playchess.com"]
[Source "ChessBase"]
[SourceQuality "1"]

{[%evp 11,71,32,39,30,37,40,30,51,35,40,29,27,35,0,0,22,24,3,20,0,50,62,55,48,100,95,95,76,197,175,176,142,452,384,410,399,611,604,570,272,287,279,254,241,494,451,396,324,386,393,438,147,140,123,141,118,142,133,29979,29978,29982,5390]} 1. e4 c5 2. Nf3 e6 3. d4 cxd4 4. Nxd4 Nc6 {[%cal Bb8c6,Bc6e5,Be5g4][%mdl 32]} 5. Nc3 Qc7 6. Be3 a6 7. Qf3 {B48: Sicilian: Taimanov: 5 Nc3 Qc7 6 Be3 a6 without Be2.} Nf6 {[%cal Of8a3]} 8. O-O-O Ne5 9. Qg3 {White has an edge.} b5 10. f4 Neg4 11. Bg1 h5 {The main line 11...h5 scores better than 11...b4.} 12. h3 b4 13. Nd5 exd5 14. hxg4 {[#]} Nxe4 $146 ({Predecessor:} 14... dxe4 15. g5 Nd5 16. Qb3 Nb6 17. g4 d5 18. gxh5 Bd6 19. Kb1 Bd7 20. Rh4 Bxf4 {1-0 (44) Nijboer,F (2488)-De Ruiter,D (2309) Hilversum 2019}) 15. Qe3 Bd6 (15... h4 $11) 16. g3 $14 (16. Rxh5 $2 Rxh5 17. g3 (17. gxh5 $2 Bxf4 18. Be2 a5 $19) 17... Rh7 $19) 16... Kf8 {[%cal Oe4g3] aiming for ...Nxg3!} 17. Kb1 $1 (17. Rxh5 Rxh5 18. gxh5 Nxg3 $1 $11) 17... Bb7 (17... Bc5 $14) 18. gxh5 (18. Rxh5 $6 Rxh5 19. gxh5 Bc5 $11) 18... Re8 {[%cal Oe4c3] White must now prevent ...Nc3+!} 19. Qf3 {Inhibits Nc3+.} Bc6 (19... Bc5 $16) 20. Nf5 $18 (20. Bxa6 Qa5 21. h6 (21. Nxc6 $2 dxc6 22. h6 Rxh6 $19) 21... Rxh6 22. Rxh6 gxh6 $11) 20... Ba4 21. Bd3 Nc3+ $2 {[%mdl 8192]} (21... Bc5 $16 {is more resistant.} 22. Qg4 Rh7) 22. bxc3 bxc3 23. Nd4 (23. Qxd5 Qb8+ 24. Bb5 Ba3 $18) 23... Qb7+ (23... Bc5 $142 24. Nb3 (24. Bxa6 $2 Bxd4 25. Qxd5 Qb6+ 26. Bb5 Bxg1 $19) 24... Bxg1) 24. Nb3 Qb4 {( -> ...Qa3)} 25. Be3 (25. Bf5 $142) 25... d4 26. Bc1 Bc6 27. Qf2 Bc5 $2 (27... Bxh1 28. Rxh1 Qb7) 28. Rhe1 Rb8 29. Qe2 a5 30. f5 a4 {[#] And now ...Bd5 would win.} 31. f6 $1 gxf6 $16 {[#] Threatens to win with ...Bd5.} 32. h6 $1 {[%cal Bh5h6,Bh6h7][%mdl 32]} axb3 (32... Bd5 33. Qg4) 33. cxb3 $40 {[%mdl 128] White is out for blood. The board is on fire.} ({Don't play} 33. axb3 $6 Qa4 $11) 33... Bd5 {[%cal Od5b3] [#] ...Bxb3! is the strong threat.} 34. Qg4 $1 {[%csl Gh6][%cal Rg4g7][%mdl 1024] White has strong compensation.} Rg8 {[%mdl 8192] [#] To avoid Qg7+} (34... Be6 $16 35. Qg7+ Ke7) 35. h7 $1 {[%csl Gg4][%cal Rh7g8][%mdl 512]} c2+ (35... Be6 36. hxg8=Q+) 36. Bxc2 {Weighted Error Value: White=0.24 (precise) /Black=0.55} 1-0

[Event "20th Prague Open 2022"]
[Site "Prague"]
[Date "2022.01.08"]
[Round "3.19"]
[White "Finn, Peter"]
[Black "Dev, Shah"]
[Result "0-1"]
[WhiteElo "2020"]
[BlackElo "2243"]
[Annotator "TA"]
[PlyCount "74"]
[EventDate "2022.01.07"]
[EventType "swiss"]
[EventCountry "CZE"]
[SourceTitle "playchess.com"]
[Source "ChessBase"]
[SourceQuality "1"]

{[%evp 12,74,15,8,13,0,0,0,12,0,35,-26,-15,-28,-21,-20,-20,-17,-20,-22,-20,-28,0,-11,127,58,50,0,76,-89,-12,-10,-20,-13,-7,-91,-68,-93,-110,-131,-137,-163,-76,-73,-48,-45,-57,-68,-17,-85,-55,-156,-154,-221,-215,-319,-297,-374,-385,-343,-250,-322,-158,-572,-556]} 1. e4 e5 2. Nf3 Nc6 3. Bc4 Bc5 4. c3 Nf6 5. d3 d6 6. O-O O-O 7. Bb3 a5 $1 {[%mdl 4] is now more promising than 7...a6. C54: Giuoco Piano: 4 c3 Nf6, main lines with 5 d4 and 5 d3.} 8. Nbd2 Be6 9. a4 d5 {The position is equal.} 10. Re1 Re8 {[#]} 11. Bc2 $146 (11. Ng5 $14) ({Predecessor:} 11. Qc2 h6 12. h3 Qd7 13. exd5 Bxd5 14. Ne4 Nxe4 15. dxe4 Be6 16. Rd1 Qe7 17. Bxe6 Qxe6 {0-1 (34) Mogilchenko,T (1959)-Kotenko,P (2316) Rostov on Don 2021}) 11... Ng4 12. Re2 Bxf2+ (12... h6 {with more complications.} 13. exd5 Bxd5 14. Ne4 Bb6 15. h3 Nf6) 13. Rxf2 Ne3 14. Qe2 Nxc2 15. Rb1 d4 16. Nf1 $1 Bb3 (16... Ne3 $5 17. Bxe3 dxe3 18. Nxe3 f6 $11) 17. Qd1 f5 (17... Bxa4 $11 18. Rxc2 (18. b3 Ne3 $17) 18... Bxc2 19. Qxc2 f6) 18. Bg5 (18. Rxc2 fxe4 19. Bg5 (19. dxe4 $2 d3 $19) 19... Qd6 $17) (18. exf5 Na1 19. Qe2 e4 $1) (18. N3d2 $16 Ba2 19. Qxc2 Bxb1 20. Qxb1 (20. Nxb1 fxe4 21. dxe4 Kh8 $14)) 18... Qd7 $14 19. N3d2 (19. Rxc2 fxe4 20. N3d2 (20. dxe4 $2 d3 $19) 20... exd3 $1 21. Nxb3 dxc2 22. Qxc2 Qg4 $17) (19. exf5 $14 dxc3 20. bxc3 (20. Rxc2 $2 Nb4 $19) 20... Bxa4 21. Ng3 (21. Rxc2 e4 $17)) 19... Bxa4 (19... Ba2 $1 $11 {remains equal.}) 20. b3 $2 {[#]} (20. exf5 $16 {Strongly threatening Ne4.} h6 21. Bh4) 20... Ne3 (20... dxc3 $1 $17 21. Qxc2 Bb5 22. Qxc3 f4) 21. Bxe3 $11 dxe3 22. Nxe3 f4 (22... Qxd3 $2 23. Nxf5 Bb5 24. c4 $18) 23. Nf5 (23. Nd5 $1 $11 {keeps the balance.} Bb5 24. c4) 23... Bb5 $17 24. Qg4 {aiming for Nh6+.} Kh8 25. c4 Ba6 26. Qg5 Nd4 (26... Re6 $19 {White must now prevent ...Rg6.} 27. Ra1 b6) 27. Nf3 Nxf5 28. exf5 Qxd3 29. Re1 {f6 is the strong threat.} Rf8 {To avoid f6} (29... Qxb3 $2 30. f6 gxf6 31. Qxf6+ Kg8 32. Qg5+ (32. Nxe5 Bxc4 33. Qg5+ Kh8 $18) (32. Rxe5 Qb1+ 33. Ne1 Rxe5 $17) 32... Kh8 33. Nxe5 (33. Qf6+ Kg8 $18) 33... Qxc4 34. Qf6+ Kg8 35. Rxf4 $18) (29... Kg8 $1 $15) 30. Rxe5 (30. Nxe5 $11 Qxf5 31. Qe7) 30... Qxb3 31. Re7 {[#]} (31. h3 $1 $15 Qb6 32. Qxf4) 31... Qb1+ $1 ({Don't take} 31... Rg8 32. Ne5 Qb1+ 33. Rf1 Qb6+ 34. Kh1 $18) 32. Rf1 (32. Ne1 $17 {might work better.} Qa1 33. Rxf4) 32... Qb6+ $19 33. Kh1 (33. Rf2 $142 Qf6 34. Qxf6 Rxf6 35. Rxc7) 33... Qf6 34. Rxc7 Qxg5 35. Nxg5 Rxf5 36. Ne6 Rg8 (36... Re5 $19 37. Nxf4 Re4) 37. Rxf4 $2 (37. Rc1 $17) 37... Re5 {Weighted Error Value: White=0.61/Black=0.33} 0-1